Výpočtový model vodorovného obrábacieho centra typu "box-in-box" pre analytické skúmanie jeho pracovnej presnosti

Bibliographic Details
Main Author: Demeč, Peter, 1952- (Author)
Format: Article
Language:Slovak
PhysicalDescription:Sch.
ISSN:1336-5967
Subjects:

MARC

LEADER 00000nab a2200000 a 4500
001 vtls008937215
003 SK-MaSNL
005 20260304231058.0
008 250505c2006 xo |||||||||||000 b|slo
015 |a SNBRB2007/01  |2 snkbucl 
035 |a (uuid)4bfc112c-0a4a-4b3a-9e73-2da862ec17b5 
035 |a urn:nbn:sk:snk-ab975g 
035 |a (urnnbn)urn:nbn:sk:snk:ar-0074al 
038 |a SNKBUCL 
040 |a SNKBUCL  |b slo  |c SNKBUCL  |e AACR2 
041 0 |a slo  |b eng 
044 |a xo  |c SK 
080 |a 621.9.06-187.4:519.673  |2 1997 
080 |a 519.673  |2 1997 
100 1 |a Demeč, Peter,  |d 1952-  |4 aut  |9 195999 
245 1 0 |a Výpočtový model vodorovného obrábacieho centra typu "box-in-box" pre analytické skúmanie jeho pracovnej presnosti  |c P. Demeč 
300 |b Sch. 
504 |a Bibliogr. odkazy 
546 |a Res. angl. 
650 0 7 |a obrábacie centrá  |2 snkbucl  |9 1469357 
650 0 7 |a obrábacie stroje  |2 snkbucl  |9 66686 
650 0 7 |a pracovná presnosť strojov  |2 snkbucl  |9 74560 
650 0 7 |a matematické modelovanie  |2 snkbucl  |9 4279 
773 0 |t Technologické inžinierstvo = Technological engineering  |g Roč. III, č. 2 (2006), s. 21-24  |x 1336-5967 
850 |a Slovenská národná knižnica 
852 |a Slovenská národná knižnica 
954 |a odborná, vedecká literatúra pôvodná (slovenská)  |2 lita 
958 |a article13 
958 |a OND 
958 |a NB 
958 |a EUIPO 
999 |c 3187007  |d 3188937